书目信息 |
| 题名: |
非物质社会
|
|
| 作者: | 第亚尼 编著 ;滕守尧 译 | |
| 分册: | ||
| 出版信息: | 成都 四川人民出版社 1998 |
|
| 页数: | 30,256页 | |
| 开本: | 20cm | |
| 丛书名: | 美学·设计·艺术教育丛书 | |
| 单 册: | ||
| 中图分类: | B832.1 | |
| 科图分类: | ||
| 主题词: | 后工业社会(经济学)--hou gong ye she hui ( jing ji xue )--研究 | |
| 电子资源: | ||
| ISBN: | 7-220-03961-1 | |
| 000 | 01111nam0 2200289 45 | |
| 001 | CAL 012000143646 | |
| 005 | 20031219104122.2 | |
| 010 | @a7-220-03961-1@dCNY18.00 | |
| 100 | @a19980807d1998 emky0chiy0121 ea | |
| 101 | 1 | @achi@ceng |
| 102 | @aCN@b510000 | |
| 105 | @ay z 000yy | |
| 106 | @ar | |
| 200 | 1 | @a非物质社会@Afei wu zhi she hui@e后工业世界的设计、文化与技术@f(法)马克·第亚尼(Marco Diani)编著@g滕守尧译 |
| 210 | @a成都@c四川人民出版社@d1998 | |
| 215 | @a30,256页@d20cm | |
| 225 | 2 | @a美学·设计·艺术教育丛书@Amei xue · she ji · yi shu jiao yu cong shu@dAesthetics design art education@zeng@h第一批 |
| 320 | @a有书目 | |
| 410 | 0 | @12001 @a美学设计艺术教育丛书 |
| 454 | 1 | @12001 @aThe immaterial society@1701 1@aDiani,@bMarco |
| 517 | 1 | @a后工业世界的设计、文化与技术@Ahou gong ye shi jie de she ji 、 wen huayu ji shu |
| 606 | @a后工业社会(经济学)@Ahou gong ye she hui ( jing ji xue )@x研究 | |
| 690 | @aB832.1@v4 | |
| 701 | 1 | @a第亚尼@Adi ya ni@g(Diani,Marco)@4编著 |
| 702 | 0 | @a滕守尧@Ateng shou yao@4译 |
| 801 | @aCN@bTSTC@c20031201 | |
| 905 | @b329063@dB832.1@e178@f1 | |
| 非物质社会:后工业世界的设计、文化与技术/(法)马克·第亚尼(Marco Diani)编著/滕守尧译.-成都:四川人民出版社,1998 |
| 30,256页;20cm.-(美学·设计·艺术教育丛书=Aesthetics design art education.第一批) |
| 译自: |
| ISBN 7-220-03961-1:CNY18.00 |
| ● |
| 相关链接 |
|
|
|
|
正题名:非物质社会
索取号:B832.1/178
 
预约/预借
| 序号 | 登录号 | 条形码 | 馆藏地/架位号 | 状态 | 备注 |
| 1 | 0329063 | 203290633 | 第一样本阅览室/ [索取号:B832.1/178] | 在馆 |